[Event "Burgos Intercajas"]
[Site "Burgos"]
[Date "2011.10.23"]
[Round "1.6"]
[White "Garcia Simo, Tomas"]
[Black "Fernandez Vega, Alberto"]
[Result "1/2-1/2"]
[WhiteElo "1965"]
[BlackElo "1966"]
[PlyCount "56"]
[EventDate "2011.10.23"]
[EventType "swiss"]
[EventRounds "6"]
[EventCountry "ESP"]
[SourceTitle "EXT 2024"]
[Source "ChessBase"]
[SourceDate "2023.10.10"]
[SourceVersion "1"]
[SourceVersionDate "2023.10.10"]
[SourceQuality "1"]
[WhiteTeam "BBK"]
[BlackTeam "Castilla La Mancha"]
[WhiteTeamCountry "ESP"]
[BlackTeamCountry "ESP"]

1. d4 Nf6 2. c4 e5 3. dxe5 Ng4 4. Nf3 Nc6 5. e3 Ngxe5 6. Nbd2 Bb4 7. Be2 d6 8. 0-0 Bxd2 9. Bxd2 Nxf3+ 10. Bxf3 Ne5 11. b3 Qf6 12. Bb4 Nxf3+ 13. Qxf3 Qxf3 14. gxf3 b6 15. Rfe1 Bb7 16. f4 f5 17. Bc3 Rg8 18. h4 h5 19. Kh2 0-0-0 20. Rg1 d5 21. cxd5 g6 22. Rad1 Bxd5 23. Rd2 c6 24. Rgd1 Rde8 25. Kg3 Re6 26. Rc1 Rge8 27. Be5 Rd8 28. Rcd1 Ree8 1/2-1/2